LEADER 00781nam0 2200265 450 001 000018377 005 20081029130847.0 100 $a20081029d1981----km-y0itay50------ba 101 0 $aita 102 $aIT 105 $ay-------001yy 200 1 $aPrezzi e mercati$epagine scelte$fFranca Falcone 210 $aBresso$cTramontana$d1981 215 $a444 p.$d18 cm 225 2 $aCollana di scienze sociali 410 0$12001$aCollana di scienze sociali 500 10$aPrezzi e mercati$933040 610 1 $aDomanda e offerta$aAntologie 676 $a339.42$9Costi e prezzi 700 1$aFalcone,$bFranca$088774 801 0$aIT$bUNIPARTHENOPE$c20081029$gRICA$2UNIMARC 912 $a000018377 951 $a020/136$b564$cNAVA2 996 $aPrezzi e mercati$933040 997 $aUNIPARTHENOPE LEADER 00845nam0 2200253 450 001 000018543 005 20180711124206.0 100 $a20081030d1956----km-y0itay50------ba 101 0 $aita 102 $aIT 105 $ay-------001yy 200 1 $a<>volto sconosciuto dell'Italia$edieci anni di sondaggi Doxa$fPierpaolo Luzzatto - Fegiz 210 $aMilano$cGiuffrè$d1956 215 $a1353 p.$d25 cm 500 10$a<>volto sconosciuto dell'Italia$932895 610 1 $aItalia$aCondizioni economiche e sociali$aIndagine statistica 676 $a314$v19 700 1$aLuzzatto - Fegiz,$bPierpaolo$067946 801 0$aIT$bUNIPARTHENOPE$c20081030$gRICA$2UNIMARC 912 $a000018543 951 $a230/1$b1103$cNAVA2$d2009 951 $a314 /102$b13001$cNAVA4$d2009 996 $aVolto sconosciuto dell'Italia$932895 997 $aUNIPARTHENOPE